000 01964nam a22002057a 4500
003 IT-MiCISF
005 20201001115739.0
008 201001b ||||| |||| 00| 0 eng d
040 _cIT-MiCISF
041 _ait
100 _aD'Auria Alberto
_958550
245 _aEducare è ancora possibile
_bLe difficoltà con i nostri figi: una sfida da raccogliere, un'occasione per crescere insieme
260 _aCantalupa (TO)
_bEffatà
_c2020
300 _app. 207
500 _aeducazione-familiare, educazione-genitori, crescita-bambini, nuovi-media
520 _aQuante volte abbiamo sentito dire che il «mestiere di genitore» è il più difficile del mondo. In effetti l'aver a che fare con la formazione e l'educazione di un individuo è una grande responsabilità ed è normale a volte provare un senso di smarrimento e di preoccupazione o la paura di essere inadeguati di fronte a questo grande compito. Non è facile, ma questo non significa arrendersi all'inevitabilità dello scontro con il figlio adolescente, o al fatto di commettere qualche errore: a tutti può capitare di sbagliare, l'importante è apprendere dai propri errori. Compito dei genitori è consegnare ai figli quegli «strumenti» di cui ogni individuo ha bisogno al fine di trovare un'integrazione sociale, una realizzazione personale e una partecipazione attiva al mondo che cambia. Questo libro non ha la pretesa di essere un compendio sull'educazione dei figli, ma vuole farci riflettere, fornirci idee e informazioni che possiamo utilizzare per migliorare il nostro modo di educare. Nell'educazione è importante conoscere sempre di più i nostri ragazzi per cercare di comprenderli e, in alcuni casi, aiutarli. Qualunque azione rivolta ai nostri figli deve essere sempre improntata all'amore incondizionato verso di loro, al rispetto che si deve ad ogni individuo e ad una abbondante dose di buon senso.
650 _aeducazione
_956062
654 _asaggio
942 _2ddc
_cBK
999 _c358948
_d358948